Gares de la Marne - Statistiques

Statistiques générales
  • Ce quiz a été pris 114 fois
  • Le résultat moyen est 11 sur 24
Statistiques - réponses
Nombre de voyageurs Gares % Correct
4 970 676 Reims
95%
1 007 764 Châlons en Champagne
93%
973 775 Epernay
92%
141 272 Reims Maison Blanche
83%
241 108 Vitry le François
63%
1 323 545 Champagne Ardennes TGV
48%
156 995 Franchet d'Espèrey
48%
57 371 Ay
43%
279 864 Fismes
43%
104 083 Mourmelon le Petit
43%
150 439 Dormans
40%
110 502 Rilly la Montagne
40%
39 109 Avenay
37%
24 110 Germaine
37%
25 521 Sept Saulx
37%
141 386 Jonchery sur Vesle
33%
23 535 Magneux - Courlandon
33%
132 055 Muizon
33%
8 111 Prunay
33%
25 972 Val de Vesle
33%
368 427 Bazancourt
32%
43 755 Courcy - Brimont
32%
51 678 Loivre
30%
41 472 Breuil - Romain
28%
Aucun quiz correspondant
Distribution des résultats
% des personnes avec chaque résultat
Percentile par nombre de réponses
Votre historique - résultats
Vous n’avez pas pris ce quiz